Researching education: Data, methods and theory in educational enquiry (Record no. 1385530)

MARC details
000 -LEADER
fixed length control field 00553nam a2200193Ia 4500
005 - DATE AND TIME OF LATEST TRANSACTION
control field 20250508163833.0
008 - FIXED-LENGTH DATA ELEMENTS--GENERAL INFORMATION
fixed length control field 008 250505s9999 xx 000 0 eng d
037 ## - SOURCE OF ACQUISITION
Stock number Reference
040 ## - CATALOGING SOURCE
Original cataloging agency FEDL
Language of cataloging eng
Transcribing agency FEDL
041 ## - LANGUAGE CODE
Language code of text/sound track or separate title eng
Source of code eng
084 ## - COLON CLASSIFICATION NUMBER
Classification number 001.4, SCO
Assigning agency FEDL
100 ## - MAIN ENTRY--PERSONAL NAME
Personal name Scott David
245 #0 - TITLE STATEMENT
Title Researching education: Data, methods and theory in educational enquiry
260 ## - PUBLICATION, DISTRIBUTION, ETC.
Place of publication, distribution, etc. London, UK
Name of publisher, distributor, etc. Cassell
Date of publication, distribution, etc. 1999
300 ## - PHYSICAL DESCRIPTION
Extent vi,179p
700 ## - ADDED ENTRY--PERSONAL NAME
Personal name Usher Robin
9 (RLIN) 776504
942 ## - ADDED ENTRY ELEMENTS (KOHA)
Koha item type Reference
Classification part 001.4, SCO
Holdings
Withdrawn status Lost status Damaged status Not for loan Home library Current library Date acquired Total Checkouts Full call number Barcode Date last seen Price effective from Koha item type
        Department of Education Library Department of Education Library 2025-05-08   001.4, SCO EL0079098 2025-05-08 2025-05-08 Reference
Copyright @ Delhi University Library System